Statistiques concernant Générique Code Lyoko - Paroles

Cliquez ici pour prendre le quiz!

Statistiques générales

  • Ce quiz a été pris 4 033 fois
  • Le résultat moyen est 10 sur 12

Statistiques - réponses

Paroles% Correct
On ira on {saura}
96%
Sauver notre {existence}
95%
On ira on {saura}
91%
Sauver notre {existence}
90%
Un monde {sans} {danger}
86%
Code Lyoko, un monde {sans} {danger}
81%
Code Lyoko, un monde {sans} {danger}
79%
De tout {effacer}
79%
Se donner {une} {chance}
78%
Pour {refaire}
63%
Code Lyoko, tout {reprogrammer}
60%
Code Lyoko, tout {reprogrammer}
60%

Distribution des résultats

Percentile par nombre de réponses

% des personnes avec chaque résultat

Votre développement - résultats

Vous n’avez pas pris ce quiz